[Event "English Open Championship 2024"]
[Site "Holiday Inn, 212 Abbey End, Kenilworth CV8 1ED, United Kingdom"]
[Date "2024.06.22"]
[Round "5.15"]
[White "Savidge, Daniel"]
[Black "Carroll, Thomas"]
[Result "1/2-1/2"]
[TimeControl "G90 + 30secs/move"]
[WhiteFideId "450332"]
[BlackFideId "450111"]
[WhiteElo "2085"]
[BlackElo "2107"]

1. e4 {[%clk 01:30:56]} {[%emt 00:00:04]} c5 {[%clk 01:30:54]} {[%emt
00:00:07]} 2. Nc3 {[%clk 01:31:09]} {[%emt 00:00:17]} e6 {[%clk 01:29:38]}
{[%emt 00:01:45]} 3. Nge2 {[%clk 01:30:58]} {[%emt 00:00:41]} Nc6 {[%clk
01:29:03]} {[%emt 00:01:05]} 4. g3 {[%clk 01:30:51]} {[%emt 00:00:38]} Nge7
{[%clk 01:26:00]} {[%emt 00:03:32]} 5. Bg2 {[%clk 01:30:47]} {[%emt 00:00:34]}
g6 {[%clk 01:24:33]} {[%emt 00:01:58]} 6. d4 {[%clk 01:27:34]} {[%emt
00:03:44]} cxd4 {[%clk 01:23:28]} {[%emt 00:01:34]} 7. Nxd4 {[%clk 01:28:01]}
{[%emt 00:00:03]} Bg7 {[%clk 01:22:13]} {[%emt 00:01:44]} 8. Ndb5 {[%clk
01:24:34]} {[%emt 00:03:58]} O-O {[%clk 01:20:13]} {[%emt 00:02:29]} 9. O-O
{[%clk 01:20:46]} {[%emt 00:04:19]} a6 {[%clk 01:18:27]} {[%emt 00:02:15]} 10.
Nd6 {[%clk 01:20:34]} {[%emt 00:00:42]} b5 {[%clk 01:15:29]} {[%emt 00:03:28]}
11. Be3 {[%clk 01:13:22]} {[%emt 00:07:41]} Na5 {[%clk 01:06:05]} {[%emt
00:09:55]} 12. f4 {[%clk 00:45:10]} {[%emt 00:28:43]} Nec6 {[%clk 01:04:36]}
{[%emt 00:01:59]} 13. Bc5 {[%clk 00:43:58]} {[%emt 00:01:42]} Nc4 {[%clk
00:54:10]} {[%emt 00:10:55]} 14. Nxc4 {[%clk 00:41:35]} {[%emt 00:02:54]} bxc4
{[%clk 00:54:34]} {[%emt 00:00:05]} 15. e5 {[%clk 00:39:36]} {[%emt 00:02:29]}
d5 {[%clk 00:51:02]} {[%emt 00:04:02]} 16. exd6 {[%clk 00:38:51]} {[%emt
00:01:16]} Bd7 {[%clk 00:50:38]} {[%emt 00:00:54]} 17. Qe2 {[%clk 00:36:54]}
{[%emt 00:02:26]} Rc8 {[%clk 00:47:08]} {[%emt 00:04:01]} 18. Qf2 {[%clk
00:36:43]} {[%emt 00:00:41]} Qa5 {[%clk 00:45:21]} {[%emt 00:02:17]} 19. Rfd1
{[%clk 00:35:04]} {[%emt 00:02:09]} Rb8 {[%clk 00:41:03]} {[%emt 00:04:48]} 20.
Rab1 {[%clk 00:34:19]} {[%emt 00:01:15]} Rfc8 {[%clk 00:41:19]} {[%emt
00:00:14]} 21. a3 {[%clk 00:28:15]} {[%emt 00:06:34]} Bf8 {[%clk 00:39:53]}
{[%emt 00:01:55]} 22. Ne4 {[%clk 00:28:16]} {[%emt 00:00:29]} Bg7 {[%clk
00:39:52]} {[%emt 00:00:31]} 23. c3 {[%clk 00:28:39]} {[%emt 00:00:07]} f5
{[%clk 00:38:13]} {[%emt 00:02:09]} 24. Ng5 {[%clk 00:26:23]} {[%emt 00:02:46]}
Qb5 {[%clk 00:34:45]} {[%emt 00:03:58]} 25. Qe3 {[%clk 00:17:33]} {[%emt
00:09:20]} Re8 {[%clk 00:34:21]} {[%emt 00:00:54]} 26. Re1 {[%clk 00:16:37]}
{[%emt 00:01:26]} Rbc8 {[%clk 00:34:15]} {[%emt 00:00:37]} 27. Rbd1 {[%clk
00:16:59]} {[%emt 00:00:08]} Ne5 {[%clk 00:33:26]} {[%emt 00:01:19]} 28. Bd4
{[%clk 00:17:18]} {[%emt 00:00:10]} Ng4 {[%clk 00:31:18]} {[%emt 00:02:37]} 29.
Qd2 {[%clk 00:17:47]} {[%emt 00:00:02]} Bf8 {[%clk 00:29:59]} {[%emt 00:01:49]}
30. h3 {[%clk 00:17:09]} {[%emt 00:01:09]} Nh6 {[%clk 00:30:23]} {[%emt
00:00:05]} 31. Re5 {[%clk 00:16:16]} {[%emt 00:01:24]} Qb8 {[%clk 00:30:05]}
{[%emt 00:00:48]} 32. Bf2 {[%clk 00:15:38]} {[%emt 00:01:08]} Nf7 {[%clk
00:29:34]} {[%emt 00:01:00]} 33. Nxf7 {[%clk 00:15:55]} {[%emt 00:00:13]} Kxf7
{[%clk 00:30:00]} {[%emt 00:00:05]} 34. Rc5 {[%clk 00:16:01]} {[%emt 00:00:24]}
Rxc5 {[%clk 00:29:28]} {[%emt 00:01:02]} 35. Bxc5 {[%clk 00:16:29]} {[%emt
00:00:01]} Qb5 {[%clk 00:29:25]} {[%emt 00:00:33]} 36. Ba7 {[%clk 00:16:21]}
{[%emt 00:00:39]} a5 {[%clk 00:29:12]} {[%emt 00:00:43]} 37. Re1 {[%clk
00:16:38]} {[%emt 00:00:12]} Qa6 {[%clk 00:29:19]} {[%emt 00:00:24]} 38. Bc5
{[%clk 00:16:00]} {[%emt 00:01:08]} Rc8 {[%clk 00:29:24]} {[%emt 00:00:24]} 39.
Re5 {[%clk 00:15:26]} {[%emt 00:01:04]} Bg7 {[%clk 00:27:44]} {[%emt 00:02:10]}
40. Bf2 {[%clk 00:15:06]} {[%emt 00:00:50]} Bf8 {[%clk 00:25:13]} {[%emt
00:03:02]} 41. Bc5 {[%clk 00:14:13]} {[%emt 00:01:23]} Bg7 {[%clk 00:24:04]}
{[%emt 00:01:39]} 42. Qe3 {[%clk 00:13:44]} {[%emt 00:01:00]} Qb5 {[%clk
00:20:37]} {[%emt 00:03:56]} 43. Bb6 {[%clk 00:12:25]} {[%emt 00:01:49]} Bxe5
{[%clk 00:20:02]} {[%emt 00:01:05]} 44. fxe5 {[%clk 00:12:53]} {[%emt
00:00:02]} Bc6 {[%clk 00:18:26]} {[%emt 00:02:07]} 45. Bxc6 {[%clk 00:12:04]}
{[%emt 00:01:18]} Qxc6 {[%clk 00:18:10]} {[%emt 00:00:46]} 46. Bxa5 {[%clk
00:11:01]} {[%emt 00:01:34]} Qd5 {[%clk 00:17:46]} {[%emt 00:00:54]} 47. Qa7+
{[%clk 00:05:04]} {[%emt 00:06:27]} Kg8 {[%clk 00:18:09]} {[%emt 00:00:06]} 48.
Bb6 {[%clk 00:02:29]} {[%emt 00:03:06]} Qd1+ {[%clk 00:17:42]} {[%emt
00:00:56]} 49. Kg2 {[%clk 00:02:11]} {[%emt 00:00:48]} Qe2+ {[%clk 00:17:12]}
{[%emt 00:01:00]} 50. Bf2 {[%clk 00:02:29]} {[%emt 00:00:12]} Qxe5 {[%clk
00:16:32]} {[%emt 00:01:09]} 51. Qe7 {[%clk 00:01:52]} {[%emt 00:01:07]} Rf8
{[%clk 00:11:42]} {[%emt 00:05:21]} 52. d7 {[%clk 00:01:57]} {[%emt 00:00:26]}
Qd5+ {[%clk 00:10:33]} {[%emt 00:01:38]} 53. Kh2 {[%clk 00:01:48]} {[%emt
00:00:39]} f4 {[%clk 00:10:31]} {[%emt 00:00:33]} 54. g4 {[%clk 00:01:25]}
{[%emt 00:00:53]} e5 {[%clk 00:08:33]} {[%emt 00:02:27]} 55. a4 {[%clk
00:01:08]} {[%emt 00:00:48]} Qd2 {[%clk 00:05:29]} {[%emt 00:03:34]} 56. Kg2
{[%clk 00:00:53]} {[%emt 00:00:45]} f3+ {[%clk 00:04:37]} {[%emt 00:01:21]} 57.
Kg1 {[%clk 00:01:07]} {[%emt 00:00:15]} Qc1+ {[%clk 00:04:29]} {[%emt
00:00:39]} 58. Kh2 {[%clk 00:01:29]} {[%emt 00:00:07]} Qf4+ {[%clk 00:04:45]}
{[%emt 00:00:15]} 59. Kh1 {[%clk 00:01:37]} {[%emt 00:00:22]} Qc1+ {[%clk
00:04:57]} {[%emt 00:00:17]} 60. Kh2 {[%clk 00:01:16]} {[%emt 00:00:52]} Qf4+
{[%clk 00:05:20]} {[%emt 00:00:07]} 61. Kh1 {[%clk 00:01:37]} {[%emt 00:00:09]}
Qc1+ {[%clk 00:05:45]} {[%emt 00:00:05]} 62. Bg1 {[%emt 00:00:41]} Qd2 {[%emt
00:00:19]} 63. Qe6+ {[%emt 00:00:33]} 1/2-1/2

[Event "English Open Championship 2024"]
[Site "Holiday Inn, 212 Abbey End, Kenilworth CV8 1ED, United Kingdom"]
[Date "2024.06.22"]
[Round "5.16"]
[White "Hobson, Kenneth"]
[Black "Bharat Kumar, Balahari"]
[Result "1/2-1/2"]
[TimeControl "G90 + 30secs/move"]
[WhiteFideId "480819"]
[BlackFideId "496464"]
[WhiteElo "2227"]
[BlackElo "1994"]

1. e4 {[%clk 01:30:57]} {[%emt 00:00:03]} c5 {[%clk 01:30:53]} {[%emt
00:00:07]} 2. Nf3 {[%clk 01:30:49]} {[%emt 00:00:38]} d6 {[%clk 01:31:15]}
{[%emt 00:00:09]} 3. Bb5+ {[%clk 01:31:04]} {[%emt 00:00:14]} Nd7 {[%clk
01:31:39]} {[%emt 00:00:07]} 4. a4 {[%clk 01:28:48]} {[%emt 00:02:46]} a6
{[%clk 01:32:00]} {[%emt 00:00:09]} 5. Bc4 {[%clk 01:27:32]} {[%emt 00:01:45]}
Ngf6 {[%clk 01:32:15]} {[%emt 00:00:14]} 6. Nc3 {[%clk 01:27:24]} {[%emt
00:00:38]} g6 {[%clk 01:29:53]} {[%emt 00:02:52]} 7. a5 {[%clk 01:27:19]}
{[%emt 00:00:35]} Ne5 {[%clk 01:23:43]} {[%emt 00:06:42]} 8. Nxe5 {[%clk
01:26:04]} {[%emt 00:01:44]} dxe5 {[%clk 01:23:23]} {[%emt 00:00:50]} 9. d3
{[%clk 01:24:15]} {[%emt 00:02:19]} h5 {[%clk 00:51:28]} {[%emt 00:32:26]} 10.
h3 {[%clk 01:20:45]} {[%emt 00:03:59]} e6 {[%clk 00:45:16]} {[%emt 00:06:42]}
11. O-O {[%clk 01:19:50]} {[%emt 00:01:24]} Nd7 {[%clk 00:39:14]} {[%emt
00:06:34]} 12. f4 {[%clk 01:17:22]} {[%emt 00:02:57]} exf4 {[%clk 00:38:33]}
{[%emt 00:01:11]} 13. Bxf4 {[%clk 01:12:23]} {[%emt 00:05:29]} Bg7 {[%clk
00:37:45]} {[%emt 00:01:18]} 14. Qe1 {[%clk 00:53:28]} {[%emt 00:19:25]} Ne5
{[%clk 00:22:53]} {[%emt 00:15:22]} 15. Bb3 {[%clk 00:53:11]} {[%emt 00:00:48]}
Nc6 {[%clk 00:13:44]} {[%emt 00:09:39]} 16. Nd5 {[%clk 00:50:58]} {[%emt
00:02:42]} O-O {[%clk 00:03:27]} {[%emt 00:10:48]} 17. Nb6 {[%clk 00:48:23]}
{[%emt 00:03:05]} Ra7 {[%clk 00:03:44]} {[%emt 00:00:13]} 18. c3 {[%clk
00:44:48]} {[%emt 00:04:04]} Nxa5 {[%clk 00:02:34]} {[%emt 00:01:41]} 19. Nxc8
{[%clk 00:43:03]} {[%emt 00:02:15]} Nxb3 {[%clk 00:02:53]} {[%emt 00:00:11]} 20.
Nxa7 {[%clk 00:42:54]} {[%emt 00:00:39]} Nxa1 {[%clk 00:03:15]} {[%emt
00:00:07]} 21. Qxa1 {[%clk 00:41:56]} {[%emt 00:01:29]} Qb6 {[%clk 00:03:32]}
{[%emt 00:00:13]} 22. Qa4 {[%clk 00:37:47]} {[%emt 00:04:40]} Qxa7 {[%clk
00:03:07]} {[%emt 00:00:54]} 23. Qd7 {[%clk 00:38:04]} {[%emt 00:00:12]} c4+
{[%clk 00:01:23]} {[%emt 00:02:15]} 24. Kh1 {[%clk 00:34:37]} {[%emt 00:03:57]}
Qa8 {[%clk 00:00:46]} {[%emt 00:01:07]} 25. dxc4 {[%clk 00:27:29]} {[%emt
00:07:38]} Qc8 {[%clk 00:00:42]} {[%emt 00:00:34]} 26. Qd3 {[%clk 00:26:49]}
{[%emt 00:01:09]} Qc6 {[%clk 00:00:39]} {[%emt 00:00:33]} 27. Bd6 {[%clk
00:25:20]} {[%emt 00:02:00]} Rd8 {[%clk 00:00:50]} {[%emt 00:00:18]} 28. Rd1
{[%clk 00:22:00]} {[%emt 00:03:50]} Bf8 {[%clk 00:00:39]} {[%emt 00:00:41]} 29.
c5 {[%clk 00:21:33]} {[%emt 00:00:58]} b6 {[%clk 00:00:38]} {[%emt 00:00:31]}
30. Qxa6 {[%clk 00:17:25]} {[%emt 00:04:38]} Bxd6 {[%clk 00:00:55]} {[%emt
00:00:12]} 31. cxd6 {[%clk 00:17:41]} {[%emt 00:00:15]} Rxd6 {[%clk 00:01:16]}
{[%emt 00:00:09]} 32. Rxd6 {[%clk 00:17:02]} {[%emt 00:01:09]} Qxd6 {[%clk
00:01:43]} {[%emt 00:00:02]} 33. Qe2 {[%clk 00:17:12]} {[%emt 00:00:20]} Qf4
{[%clk 00:01:13]} {[%emt 00:01:00]} 34. Qe1 {[%clk 00:16:07]} {[%emt 00:01:36]}
e5 {[%clk 00:01:06]} {[%emt 00:00:37]} 35. Qg1 {[%clk 00:14:17]} {[%emt
00:02:20]} b5 {[%clk 00:00:54]} {[%emt 00:00:42]} 36. Qc5 {[%clk 00:13:43]}
{[%emt 00:01:04]} Qc1+ {[%clk 00:01:09]} {[%emt 00:00:14]} 37. Kh2 {[%clk
00:14:03]} {[%emt 00:00:10]} Qf4+ {[%clk 00:01:13]} {[%emt 00:00:26]} 38. Kg1
{[%clk 00:14:11]} {[%emt 00:00:22]} Qc1+ {[%clk 00:01:38]} {[%emt 00:00:06]} 39.
Kh2 {[%clk 00:14:37]} {[%emt 00:00:04]} Qf4+ {[%clk 00:02:02]} {[%emt
00:00:05]} 40. Kg1 {[%clk 00:13:12]} {[%emt 00:01:56]} Qc1+ {[%clk 00:02:27]}
{[%emt 00:00:05]} 41. Kh2 {[%clk 00:12:29]} {[%emt 00:01:13]} Qf4+ {[%clk
00:02:37]} {[%emt 00:00:19]} 1/2-1/2

[Event "English Open Championship 2024"]
[Site "Holiday Inn, 212 Abbey End, Kenilworth CV8 1ED, United Kingdom"]
[Date "2024.06.22"]
[Round "5.17"]
[White "Watson, Jacob"]
[Black "Okhai, Shabir"]
[Result "1-0"]
[TimeControl "G90 + 30secs/move"]
[WhiteFideId "445037"]
[BlackFideId "445134"]
[WhiteElo "1883"]
[BlackElo "2099"]

1. e4 {[%clk 01:30:52]} {[%emt 00:00:07]} e5 {[%clk 01:30:55]} {[%emt
00:00:04]} 2. Nf3 {[%clk 01:31:09]} {[%emt 00:00:13]} Nc6 {[%clk 01:31:21]}
{[%emt 00:00:05]} 3. Bb5 {[%clk 01:31:34]} {[%emt 00:00:05]} a6 {[%clk
01:31:47]} {[%emt 00:00:04]} 4. Ba4 {[%clk 01:31:36]} {[%emt 00:00:27]} Nf6
{[%clk 01:32:12]} {[%emt 00:00:06]} 5. d3 {[%clk 01:31:51]} {[%emt 00:00:15]}
d6 {[%clk 01:32:34]} {[%emt 00:00:07]} 6. c3 {[%clk 01:31:56]} {[%emt
00:00:25]} g6 {[%clk 01:32:59]} {[%emt 00:00:05]} 7. O-O {[%clk 01:29:32]}
{[%emt 00:02:55]} Bg7 {[%clk 01:33:15]} {[%emt 00:00:13]} 8. Nbd2 {[%clk
01:29:10]} {[%emt 00:00:52]} O-O {[%clk 01:33:33]} {[%emt 00:00:13]} 9. Re1
{[%clk 01:27:32]} {[%emt 00:02:07]} b5 {[%clk 01:33:45]} {[%emt 00:00:18]} 10.
Bc2 {[%clk 01:27:51]} {[%emt 00:00:11]} Re8 {[%clk 01:34:05]} {[%emt 00:00:10]}
11. Nf1 {[%clk 01:25:27]} {[%emt 00:02:54]} d5 {[%clk 01:34:19]} {[%emt
00:00:17]} 12. a4 {[%clk 01:19:23]} {[%emt 00:06:34]} Rb8 {[%clk 01:24:01]}
{[%emt 00:10:47]} 13. Bg5 {[%clk 01:14:17]} {[%emt 00:05:36]} d4 {[%clk
01:21:01]} {[%emt 00:03:30]} 14. axb5 {[%clk 01:11:37]} {[%emt 00:03:10]} axb5
{[%clk 01:19:43]} {[%emt 00:01:49]} 15. Qc1 {[%clk 01:10:17]} {[%emt 00:01:50]}
Qd6 {[%clk 01:07:11]} {[%emt 00:13:02]} 16. cxd4 {[%clk 01:06:22]} {[%emt
00:04:25]} Nxd4 {[%clk 01:06:32]} {[%emt 00:01:09]} 17. Nxd4 {[%clk 01:06:38]}
{[%emt 00:00:12]} Qxd4 {[%clk 01:06:45]} {[%emt 00:00:18]} 18. Be3 {[%clk
01:06:20]} {[%emt 00:00:48]} Qd8 {[%clk 01:04:17]} {[%emt 00:02:58]} 19. h3
{[%clk 01:03:41]} {[%emt 00:03:09]} Be6 {[%clk 01:00:05]} {[%emt 00:04:42]} 20.
Nd2 {[%clk 00:56:57]} {[%emt 00:07:15]} Nd7 {[%clk 00:55:11]} {[%emt 00:05:23]}
21. Nf3 {[%clk 00:54:34]} {[%emt 00:02:53]} Nf8 {[%clk 00:49:36]} {[%emt
00:06:06]} 22. Ng5 {[%clk 00:43:54]} {[%emt 00:11:09]} Qd6 {[%clk 00:47:56]}
{[%emt 00:02:11]} 23. Rd1 {[%clk 00:37:39]} {[%emt 00:06:43]} Ra8 {[%clk
00:38:10]} {[%emt 00:10:17]} 24. Qd2 {[%clk 00:33:42]} {[%emt 00:04:26]} Rxa1
{[%clk 00:32:04]} {[%emt 00:06:38]} 25. Rxa1 {[%clk 00:34:05]} {[%emt
00:00:07]} Rd8 {[%clk 00:31:29]} {[%emt 00:01:06]} 26. b4 {[%clk 00:32:43]}
{[%emt 00:01:50]} h6 {[%clk 00:27:15]} {[%emt 00:04:44]} 27. Nf3 {[%clk
00:31:48]} {[%emt 00:01:25]} Kh7 {[%clk 00:24:25]} {[%emt 00:03:21]} 28. Bc5
{[%clk 00:30:14]} {[%emt 00:02:03]} Qc6 {[%clk 00:23:10]} {[%emt 00:01:46]} 29.
Rc1 {[%clk 00:26:32]} {[%emt 00:04:11]} Qa6 {[%clk 00:18:33]} {[%emt 00:05:08]}
30. Qc3 {[%clk 00:23:55]} {[%emt 00:03:06]} Nd7 {[%clk 00:18:13]} {[%emt
00:00:51]} 31. Be3 {[%clk 00:20:50]} {[%emt 00:03:34]} Qd6 {[%clk 00:17:14]}
{[%emt 00:01:30]} 32. d4 {[%clk 00:15:05]} {[%emt 00:06:14]} exd4 {[%clk
00:15:36]} {[%emt 00:02:08]} 33. Bxd4 {[%clk 00:15:26]} {[%emt 00:00:10]} Bxd4
{[%clk 00:12:59]} {[%emt 00:03:07]} 34. Nxd4 {[%clk 00:15:39]} {[%emt
00:00:15]} Bc4 {[%clk 00:12:14]} {[%emt 00:01:16]} 35. Rd1 {[%clk 00:15:47]}
{[%emt 00:00:23]} Qb6 {[%clk 00:08:41]} {[%emt 00:04:04]} 36. Nb3 {[%clk
00:12:51]} {[%emt 00:03:26]} Be6 {[%clk 00:02:35]} {[%emt 00:06:36]} 37. Nc5
{[%clk 00:11:59]} {[%emt 00:01:21]} Qc6 {[%clk 00:02:58]} {[%emt 00:00:07]} 38.
Bb3 {[%clk 00:11:49]} {[%emt 00:00:40]} Re8 {[%clk 00:00:39]} {[%emt 00:02:49]}
39. Bxe6 {[%clk 00:11:48]} {[%emt 00:00:31]} Nxc5 {[%clk 00:00:36]} {[%emt
00:00:33]} 40. Bd5 {[%clk 00:11:52]} {[%emt 00:00:25]} 1-0

[Event "English Open Championship 2024"]
[Site "Holiday Inn, 212 Abbey End, Kenilworth CV8 1ED, United Kingdom"]
[Date "2024.06.22"]
[Round "5.18"]
[White "Banerjee, Supratit"]
[Black "Sachdeva, Ronit"]
[Result "1-0"]
[TimeControl "G90 + 30secs/move"]
[WhiteFideId "2410079"]
[BlackFideId "343401589"]
[WhiteElo "2115"]
[BlackElo "1907"]

1. e4 {[%clk 01:30:27]} {[%emt 00:00:33]} e5 {[%clk 01:30:48]} {[%emt
00:00:12]} 2. Nf3 {[%clk 01:30:44]} {[%emt 00:00:13]} Nc6 {[%clk 01:31:12]}
{[%emt 00:00:06]} 3. d4 {[%clk 01:29:52]} {[%emt 00:01:22]} exd4 {[%clk
01:31:37]} {[%emt 00:00:05]} 4. Nxd4 {[%clk 01:30:10]} {[%emt 00:00:13]} Nf6
{[%clk 01:32:03]} {[%emt 00:00:04]} 5. Nc3 {[%clk 01:26:01]} {[%emt 00:04:39]}
Bb4 {[%clk 01:32:24]} {[%emt 00:00:09]} 6. Nxc6 {[%clk 01:26:22]} {[%emt
00:00:09]} bxc6 {[%clk 01:32:49]} {[%emt 00:00:05]} 7. Bd3 {[%clk 01:26:39]}
{[%emt 00:00:12]} d5 {[%clk 01:33:15]} {[%emt 00:00:05]} 8. exd5 {[%clk
01:26:46]} {[%emt 00:00:23]} O-O {[%clk 01:33:37]} {[%emt 00:00:06]} 9. O-O
{[%clk 01:26:31]} {[%emt 00:00:46]} Bg4 {[%clk 01:34:05]} {[%emt 00:00:03]} 10.
f3 {[%clk 01:24:34]} {[%emt 00:02:27]} Bh5 {[%clk 01:34:27]} {[%emt 00:00:07]}
11. Bg5 {[%clk 01:24:48]} {[%emt 00:00:17]} cxd5 {[%clk 01:34:51]} {[%emt
00:00:06]} 12. Bxf6 {[%clk 01:24:47]} {[%emt 00:00:30]} Qxf6 {[%clk 01:35:14]}
{[%emt 00:00:06]} 13. Nxd5 {[%clk 01:24:45]} {[%emt 00:00:34]} Bc5+ {[%clk
01:33:28]} {[%emt 00:02:11]} 14. Kh1 {[%clk 01:22:39]} {[%emt 00:02:40]} Qxb2
{[%clk 01:33:51]} {[%emt 00:00:08]} 15. Rb1 {[%clk 01:16:05]} {[%emt 00:07:04]}
Qe5 {[%clk 01:34:19]} {[%emt 00:00:02]} 16. f4 {[%clk 01:15:07]} {[%emt
00:01:28]} Bxd1 {[%clk 01:34:44]} {[%emt 00:00:04]} 17. fxe5 {[%clk 01:15:24]}
{[%emt 00:00:12]} Bg4 {[%clk 01:35:06]} {[%emt 00:00:10]} 18. Nxc7 {[%clk
01:13:59]} {[%emt 00:01:55]} Rac8 {[%clk 01:35:25]} {[%emt 00:00:09]} 19. Nd5
{[%clk 01:14:00]} {[%emt 00:00:30]} Rfe8 {[%clk 01:29:47]} {[%emt 00:06:06]} 20.
Rbe1 {[%clk 01:02:16]} {[%emt 00:12:15]} Be6 {[%clk 01:19:58]} {[%emt
00:10:19]} 21. c4 {[%clk 00:52:38]} {[%emt 00:10:09]} Rcd8 {[%clk 00:49:33]}
{[%emt 00:30:56]} 22. Bc2 {[%clk 00:48:40]} {[%emt 00:04:28]} Bd4 {[%clk
00:44:38]} {[%emt 00:05:25]} 23. Ba4 {[%clk 00:42:47]} {[%emt 00:06:22]} Bxd5
{[%clk 00:33:42]} {[%emt 00:11:27]} 24. Bxe8 {[%clk 00:39:36]} {[%emt
00:03:39]} Bxc4 {[%clk 00:34:03]} {[%emt 00:00:10]} 25. Rf4 {[%clk 00:38:44]}
{[%emt 00:01:22]} Bxa2 {[%clk 00:33:39]} {[%emt 00:00:54]} 26. Bxf7+ {[%clk
00:30:16]} {[%emt 00:08:58]} Bxf7 {[%clk 00:33:58]} {[%emt 00:00:11]} 27. e6
{[%clk 00:30:43]} {[%emt 00:00:03]} Bxe6 {[%clk 00:31:24]} {[%emt 00:03:05]} 28.
Rxe6 {[%clk 00:30:44]} {[%emt 00:00:29]} Be5 {[%clk 00:28:17]} {[%emt
00:03:33]} 29. Rf1 {[%clk 00:30:38]} {[%emt 00:00:39]} Bf6 {[%clk 00:28:26]}
{[%emt 00:00:22]} 30. g4 {[%clk 00:29:53]} {[%emt 00:01:14]} h6 {[%clk
00:28:34]} {[%emt 00:00:21]} 31. Ra6 {[%clk 00:29:24]} {[%emt 00:01:00]} Rd7
{[%clk 00:23:42]} {[%emt 00:05:22]} 32. Rf2 {[%clk 00:28:29]} {[%emt 00:01:25]}
Bd8 {[%clk 00:23:21]} {[%emt 00:00:51]} 33. Re6 {[%clk 00:27:56]} {[%emt
00:01:03]} Bb6 {[%clk 00:22:54]} {[%emt 00:00:57]} 34. Re8+ {[%clk 00:27:41]}
{[%emt 00:00:46]} Kh7 {[%clk 00:23:19]} {[%emt 00:00:04]} 35. Rfe2 {[%clk
00:25:45]} {[%emt 00:02:26]} Rd1+ {[%clk 00:19:54]} {[%emt 00:03:55]} 36. Re1
{[%clk 00:24:59]} {[%emt 00:01:16]} Rd2 {[%clk 00:18:15]} {[%emt 00:02:10]} 37.
R8e2 {[%clk 00:25:09]} {[%emt 00:00:20]} Rd4 {[%clk 00:17:47]} {[%emt
00:00:57]} 38. h3 {[%clk 00:25:12]} {[%emt 00:00:27]} Rd3 {[%clk 00:16:19]}
{[%emt 00:01:58]} 39. Kg2 {[%clk 00:25:00]} {[%emt 00:00:43]} Bc5 {[%clk
00:13:17]} {[%emt 00:03:31]} 40. h4 {[%clk 00:22:09]} {[%emt 00:03:21]} Bb4
{[%clk 00:10:47]} {[%emt 00:03:01]} 41. Rc1 {[%clk 00:20:19]} {[%emt 00:02:20]}
Bd6 {[%clk 00:08:24]} {[%emt 00:02:53]} 42. Re4 {[%clk 00:20:04]} {[%emt
00:00:43]} h5 {[%clk 00:05:11]} {[%emt 00:03:44]} 43. g5 {[%clk 00:18:05]}
{[%emt 00:02:29]} Rg3+ {[%clk 00:05:25]} {[%emt 00:00:15]} 44. Kf2 {[%clk
00:17:19]} {[%emt 00:01:15]} Rh3 {[%clk 00:05:19]} {[%emt 00:00:37]} 45. Rcc4
{[%clk 00:17:32]} {[%emt 00:00:17]} a5 {[%clk 00:04:29]} {[%emt 00:01:20]} 46.
Kg2 {[%clk 00:15:09]} {[%emt 00:02:53]} Rg3+ {[%clk 00:04:44]} {[%emt
00:00:16]} 47. Kf1 {[%clk 00:15:08]} {[%emt 00:00:31]} Rh3 {[%clk 00:04:16]}
{[%emt 00:00:57]} 48. Rcd4 {[%clk 00:14:38]} {[%emt 00:01:01]} Bb4 {[%clk
00:02:33]} {[%emt 00:02:10]} 49. Re6 {[%clk 00:14:02]} {[%emt 00:01:08]} Rh2
{[%clk 00:01:39]} {[%emt 00:01:24]} 50. Rc4 {[%clk 00:13:48]} {[%emt 00:00:45]}
Rh3 {[%clk 00:00:32]} {[%emt 00:01:37]} 51. Kg2 {[%clk 00:13:49]} {[%emt
00:00:28]} Rc3 {[%clk 00:00:36]} {[%emt 00:00:26]} 52. Rd4 {[%clk 00:14:02]}
{[%emt 00:00:17]} Rc8 {[%clk 00:00:51]} {[%emt 00:00:16]} 53. Ra6 {[%clk
00:14:05]} {[%emt 00:00:27]} Rf8 {[%clk 00:00:54]} {[%emt 00:00:25]} 54. Rd7
{[%clk 00:14:23]} {[%emt 00:00:13]} Be1 {[%clk 00:00:40]} {[%emt 00:00:45]} 55.
Raa7 {[%clk 00:14:26]} {[%emt 00:00:27]} Bc3 {[%clk 00:00:55]} {[%emt
00:00:15]} 56. Rdc7 {[%clk 00:14:39]} {[%emt 00:00:17]} Be5 {[%clk 00:00:54]}
{[%emt 00:00:30]} 57. Rd7 {[%clk 00:13:33]} {[%emt 00:01:36]} Rf4 {[%clk
00:00:49]} {[%emt 00:00:35]} 58. Rxa5 {[%clk 00:12:08]} {[%emt 00:01:56]} Rg4+
{[%clk 00:01:05]} {[%emt 00:00:14]} 59. Kf3 {[%clk 00:05:59]} {[%emt 00:06:39]}
Bc3 {[%clk 00:01:02]} {[%emt 00:00:33]} 60. Ra6 {[%clk 00:04:19]} {[%emt
00:02:10]} Rxh4 {[%clk 00:01:09]} {[%emt 00:00:23]} 61. Rh6+ {[%clk 00:04:31]}
{[%emt 00:00:17]} Kg8 {[%clk 00:01:34]} {[%emt 00:00:05]} 62. Rd8+ {[%clk
00:04:32]} {[%emt 00:00:30]} Kf7 {[%clk 00:01:59]} {[%emt 00:00:05]} 63. Rc6
{[%clk 00:04:56]} {[%emt 00:00:05]} Bb2 {[%clk 00:00:43]} {[%emt 00:01:46]} 64.
Rd7+ {[%clk 00:05:15]} {[%emt 00:00:11]} Kg8 {[%clk 00:01:09]} {[%emt
00:00:04]} 65. g6 {[%clk 00:05:35]} {[%emt 00:00:11]} Rh3+ {[%clk 00:01:18]}
{[%emt 00:00:21]} 66. Ke4 {[%emt 00:00:52]} 1-0